Statistics for Cities to Countries - Europe

Click here to take the quiz!

General Stats

  • This quiz has been taken 36 times
  • The average score is 33 of 45

Answer Stats

City Country % Correct
MalmöSweden
100%
LuxembourgLuxembourg
100%
TurinItaly
100%
HamburgGermany
100%
Vatican CityVatican City
100%
ThessalonikiGreece
100%
SarajevoBosnia and Herzegovina
100%
ManchesterUnited Kingdom
100%
Andorra La VellaAndorra
100%
San MarinoSan Marino
100%
SkopjeMacedonia
97%
StrasbourgFrance
97%
GenevaSwitzerland
97%
VladivostokRussia
97%
MonacoMonaco
97%
ReykjavíkIceland
94%
ZaragozaSpain
90%
KilkennyIreland
87%
AarhusDenmark
84%
VaduzLiechtenstein
84%
PodgoricaMontenegro
84%
LiègeBelgium
77%
DonetskUkraine
77%
FredrikstadNorway
71%
FunchalPortugal
71%
TimișoaraRomania
68%
PoznańPoland
68%
AlkmaarNetherlands
65%
TampereFinland
61%
BregenzAustria
58%
SalihorskBelarus
58%
JagodinaSerbia
52%
PärnuEstonia
48%
PlovdivBulgaria
48%
DaugavpilsLatvia
48%
OstravaCzech Republic
48%
PećKosovo
48%
GyőrHungary
48%
RijekaCroatia
48%
PrešovSlovakia
45%
BălțiMoldova
45%
MarijampolėLithuania
42%
KranjSlovenia
42%
QormiMalta
42%
ElbasanAlbania
39%

Score Distribution

Percentile by Number Answered

Percent of People with Each Score

Your Score History

You have not taken this quiz